| 000 | 00662nam a2200217Ia 4500 | ||
|---|---|---|---|
| 005 | 20250508165816.0 | ||
| 008 | 008 250505s9999 xx 000 0 hin d | ||
| 020 | _a978-817917-159-2 | ||
| 037 | _aTextual | ||
| 040 |
_aFEDL _beng _cFEDL |
||
| 041 |
_ahin _2eng |
||
| 084 |
_a305.42, SUB _qFEDL |
||
| 100 |
_aSubhashini Ali _9782033 |
||
| 245 | 0 | _aAam aurton ka sach: Vaisvikaran ke daur mein mahilaon ke sanghrash | |
| 260 |
_aNew Delhi, India _bAkhil Bharitya Janwadi Mahila Samiti _c2007 |
||
| 300 | _a87p. | ||
| 365 |
_aINR _b35 |
||
| 546 | _aGifted by Prof. krishna Kumar | ||
| 942 |
_cTEXL _h305.42, SUB |
||
| 999 |
_c1397583 _d1397583 |
||